000
00326nam a2200133Ia 4500
008
240624s9999 xx 000 0 und d
041
_a
eng
082
_a
658.3 SES
100
_a
SESIL JAMES
245
_a
APPLYING ADVANCED ANALYTICS TO HR MANAGE
260
_c
2014
_a
New Jersey
_b
FT Press
300
_a
240 : p.
365
_c
RS
999
_c
24022
_d
24022